| 000 | 00981na a2200313 4500 | ||
|---|---|---|---|
| 001 | 20376 | ||
| 003 | MIRAKIL | ||
| 005 | 20181213155225.0 | ||
| 008 | 170118b tu 000 0 | ||
| 020 | _a9759653818 | ||
| 035 | _a20376 | ||
| 040 |
_aMilas _btur _cTR-AnCHP |
||
| 041 | _atur | ||
| 082 |
_a324.9 1999 _bK44o 1999 |
||
| 090 | _a324.9 1999 K44o 1999 | ||
| 100 | _aKılıç, Muharrem | ||
| 245 |
_a18 Nisan 1999 milletvekili genel seçimleri _b(sonuçlar ve analiz) _cMuharrem Kılıç |
||
| 246 | _aSeçim 1999 | ||
| 260 |
_aAnkara _bBİLAY _c1999 |
||
| 300 |
_a70 s. _bgrf.; tbl. _c24 sm. |
||
| 490 |
_aAraştırma Dizisi _v1 |
||
| 650 |
_aSeçimler _yİstatistikler _zTürkiye |
||
| 650 |
_aSiyasal partiler _x1999-2002 _zTürkiye |
||
| 650 |
_aTBMM _x21. Dönem _y1999-2002 |
||
| 651 |
_aTürkiye _xSiyaset ve yönetim _y1999-2002 |
||
| 651 |
_aTürkiye _xSeçimler _yGenel seçimler, 1999 |
||
| 710 | _aBilgi Araştırma ve Yönetim Vakfı | ||
| 942 |
_2ddc _cBKS |
||
| 999 |
_c8819 _d8819 |
||